| 000 | 00314 a2200133 4500 | ||
|---|---|---|---|
| 001 | 66133 | ||
| 082 | _a621.8SHI | ||
| 090 |
_c38428 _d38428 |
||
| 100 | _aShigly, Joseph Edward | ||
| 245 | _aTheory of Machines and Mechanisms, 2nd Ed | ||
| 250 | _a2 | ||
| 260 |
_aSingapore _bMcGraw Hill _c1995 |
||
| 300 | _a719p. | ||
| 942 |
_aNUST-CAE _k621.8SHI |
||
| 999 |
_c301206 _d301206 |
||